000 00448nam a22001817a 4500
999 _c70200
_d70200
003 NUST - PNEC
005 20190511085702.0
008 151007b xxu||||| |||| 00| 0 eng d
020 _a047125424X
038 _aPNEC
040 _cLIBRARY
082 _a660.281 LEV
100 _aLevenspiel,Octave
_914265
245 _aChemical Reaction Engineering
_cOctave,Levenspiel
250 _a3rd ed
650 _a-
_xGeneral
_914266
942 _2ddc
_cBK